| 000 | 00000nam##2200000za#4500 |
| 001 | 9.601470 |
| 003 | CaOODSP |
| 005 | 20210624210105 |
| 007 | cr ||||||||||| |
| 008 | 150406|2008||||xxc|||||o f|0| 0 fre|d |
| 022 | |a1919-5117 |
| 040 | |aCaOODSP|bfre |
| 043 | |an-cn--- |
| 086 | 1 |aFs70-6/2008-025F-PDF |
| 110 | 1 |aCanada. |bMinistère des pêches et des océans. |bRégion des Maritimes. |
| 245 | 10|aÉtat de l'océan en 2007 : |h[ressource électronique]|bconditions physiques de l'océan sur le plateau néo-écossais, dans la baie de Fundy et dans le golfe du Maine |
| 246 | 17|aRégion des Maritimes : état de l'océan, conditions physiques |
| 260 | |aDartmouth - Nouvelle-Écosse : |bPêches et Océans Canada. |cJuin 2008. |
| 300 | |a12p.|bcartes en couleur, figures (certaines en couleur), graphiques, références |
| 490 | 1 |aSecrétariat canadien de consultation scientifique, avis scientifique|x1919-5117|v2008/025, Région des Maritimes |
| 590 | |a11-21-Supp|b2011-09-30 |
| 775 | 08|tState of the ocean 2007 : |w(CaOODSP)9.570826 |
| 830 | #0|aAvis scientifique (Secrétariat canadien de consultation scientifique)|x1919-5117|v2008/025, Région des Maritimes|w(CaOODSP)9.502624 |
| 856 | 40|ahttp://publications.gc.ca|qPDF|s1.06 Mo|uhttps://publications.gc.ca/collections/collection_2011/mpo-dfo/Fs70-6-2008-025-fra.pdf|y2008/025, Région des Maritimes |